Harcászati elvek és kiképzési módszerek a Szovjetunióban az orosz katonai szakirodalom tükrében

Elmentve itt :
Bibliográfiai részletek
Szerző: Vértes László
Dokumentumtípus: Cikk
Megjelent: 1947
Sorozat:Honvéd : katonai folyóirat 2 No. 1
Kulcsszavak:Harcászat szovjet 1940-1945, Katonai kiképzés Szovjetunió, Katonai nevelés Szovjetunió
Online Access:http://misc.bibl.u-szeged.hu/3301
LEADER 00709nab a2200169 i 4500
001 misc3301
005 20191106141832.0
008 170607s1947 hu o 0|| hun d
040 |a SZTE Miscellanea Repozitórium  |b hun 
041 |a hun 
100 1 |a Vértes László 
245 1 0 |a Harcászati elvek és kiképzési módszerek a Szovjetunióban az orosz katonai szakirodalom tükrében  |h [elektronikus dokumentum] /  |c  Vértes László 
260 |c 1947 
300 |a 14-18 
490 0 |a Honvéd : katonai folyóirat  |v 2 No. 1 
695 |a Harcászat szovjet 1940-1945, Katonai kiképzés Szovjetunió, Katonai nevelés Szovjetunió 
856 4 0 |u http://misc.bibl.u-szeged.hu/3301/1/honved_002_001_014-018.pdf  |z Dokumentum-elérés